[Event "SK Turm Kleve 1 - Krefelder SK Turm 2"]
[Site "NRW-Klasse - Gruppe 3 2021/20"]
[Date "2021.12.19"]
[Round "3.1"]
[White "Markgraf, Jonas"]
[Black "Verfuerth, Kevin"]
[Result "0-1"]
[WhiteElo "2017"]
[BlackElo "2034"]
[PlyCount "92"]
[EventDate "2021.??.??"]
[SourceVersionDate "2020.03.16"]
[WhiteTeam "Krefelder SK Turm 2"]
[BlackTeam "SK Turm Kleve 1"]

1. e4 c5 2. Nf3 d6 3. Bb5+ Nd7 4. O-O a6 5. Bd3 b5 6. c3 Ngf6 7. Re1 Bb7 8. Bc2
e5 9. d3 Be7 10. h3 O-O 11. Nbd2 Qc7 12. Nf1 d5 13. Ng3 g6 14. Bg5 Rfe8 15. a4
dxe4 16. dxe4 Rad8 17. Qe2 c4 18. axb5 axb5 19. Red1 Nc5 20. Rxd8 Rxd8 21. Nh2
Ne6 22. Be3 Bc5 23. Bxc5 Nxc5 24. Nf3 Nfd7 25. Qe3 Nb6 26. Qg5 Nbd7 27. Rd1 f6
28. Qe3 Ne6 29. b3 Ndc5 30. Rxd8+ Qxd8 31. bxc4 bxc4 32. Nd2 Ba6 33. Ndf1 Qa5
34. Bd1 Nf4 35. Qd2 Ncd3 36. Ne2 Ne6 37. Ne3 Nec5 38. f3 Nb3 39. Bxb3 cxb3 40.
Nd1 Qa2 41. Qe3 Qc2 42. Qb6 Qxd1+ 43. Kh2 Bc4 44. Qd8+ Kg7 45. Ng3 b2 46. Qc7+
Bf7 0-1

[Event "SK Turm Kleve 1 - Krefelder SK Turm 2"]
[Site "NRW-Klasse - Gruppe 3 2021/20"]
[Date "2021.12.19"]
[Round "3.2"]
[White "Wiegersma, Justus"]
[Black "Reuter, Julian-Frank"]
[Result "1/2-1/2"]
[WhiteElo "2052"]
[BlackElo "1902"]
[Annotator "daniel"]
[PlyCount "70"]
[EventDate "2021.??.??"]
[SourceVersionDate "2020.03.16"]
[WhiteTeam "SK Turm Kleve 1"]
[BlackTeam "Krefelder SK Turm 2"]

1. b3 d5 2. Bb2 Bf5 3. Nf3 e6 4. g3 Nf6 5. Bg2 Be7 6. c4 c6 7. O-O h6 8. d3 O-O
9. Nbd2 Nbd7 10. a3 a5 11. Ra2 Bh7 12. Qa1 b5 13. Ne5 Nxe5 14. Bxe5 Ne8 15. Rc1
f6 16. Bc3 Nd6 17. Bh3 Bf5 18. Bxf5 Nxf5 19. cxb5 cxb5 20. Rac2 Rc8 21. Nf3 Nd6
22. Nd4 Kf7 23. Bd2 Rxc2 24. Rxc2 Qb6 25. Rc6 Qa7 26. Be3 Qb7 27. Qc1 Rc8 28.
Rxc8 Nxc8 29. Qc6 $11 Qxc6 30. Nxc6 Bxa3 31. Nxa5 Ne7 32. Nb7 e5 33. Bc5 Bxc5
34. Nxc5 Nc6 35. Kf1 Ke7 1/2-1/2

[Event "SK Turm Kleve 1 - Krefelder SK Turm 2"]
[Site "NRW-Klasse - Gruppe 3 2021/20"]
[Date "2021.12.19"]
[Round "3.3"]
[White "Komans, Dieter"]
[Black "Krebbers, Wilfried"]
[Result "0-1"]
[WhiteElo "1989"]
[BlackElo "1971"]
[PlyCount "116"]
[EventDate "2021.??.??"]
[SourceVersionDate "2020.03.16"]
[WhiteTeam "Krefelder SK Turm 2"]
[BlackTeam "SK Turm Kleve 1"]

1. e4 Nf6 2. Nc3 d5 3. Bd3 d4 4. Nb1 e5 5. a4 Bd6 6. Na3 O-O 7. Nf3 Bg4 8. O-O
Nbd7 9. Be2 Nxe4 10. Nxd4 exd4 11. Bxg4 f5 12. Bh3 Ng5 13. Nc4 Nxh3+ 14. gxh3
Ne5 15. Nxd6 Qxd6 16. Ra3 f4 17. Qe2 Qd5 18. Qb5 c5 19. Qb3 c4 20. Qb5 Nf3+ 21.
Kh1 Qe4 22. Qxc4+ Rf7 23. Qd3 Nxd2+ 24. Qxe4 Nxe4 25. Rd3 Rd8 26. c3 Nc5 27.
Rxd4 Rxd4 28. cxd4 Nxa4 29. Rd1 Kf8 30. Kg2 g5 31. Kf3 Ke7 32. h4 h6 33. hxg5
hxg5 34. Rg1 Kf6 35. h4 gxh4 36. Bxf4 Nxb2 37. Ke4 Nc4 38. Bg5+ Ke6 39. d5+ Kd7
40. Kd4 Nd6 41. f4 Rh7 42. Rh1 h3 43. Rh2 a5 44. Bf6 a4 45. Be5 b5 46. Kc5 Nf5
47. Kxb5 a3 48. Ka4 a2 49. Kb3 a1=Q 50. Bxa1 Kd6 51. Kc4 Ne3+ 52. Kd4 Ng4 53.
Ra2 Rh5 54. Ra6+ Kd7 55. Ra7+ Kc8 56. Kc5 h2 57. Kc6 Rh6+ 58. d6 h1=Q+ 0-1

[Event "SK Turm Kleve 1 - Krefelder SK Turm 2"]
[Site "NRW-Klasse - Gruppe 3 2021/20"]
[Date "2021.12.19"]
[Round "3.4"]
[White "Brandt, Thorsten"]
[Black "Panjer, Sydney"]
[Result "0-1"]
[WhiteElo "1974"]
[BlackElo "1852"]
[PlyCount "74"]
[EventDate "2021.??.??"]
[SourceVersionDate "2020.03.16"]
[WhiteTeam "SK Turm Kleve 1"]
[BlackTeam "Krefelder SK Turm 2"]

1. d4 Nf6 2. Nf3 e6 3. Bf4 d5 4. e3 c5 5. c3 Bd6 6. Bg3 O-O 7. Nbd2 Qc7 8. Bxd6
Qxd6 9. Ne5 b6 10. a4 Bb7 11. Bd3 Nc6 12. f4 Ne7 13. Qf3 a5 14. g4 Ba6 15. Bc2
Rfb8 16. Qh3 Ng6 17. Ndf3 cxd4 18. Nxg6 hxg6 19. Nxd4 b5 20. O-O b4 21. Rf2
bxc3 22. bxc3 Qc5 23. f5 exf5 24. gxf5 g5 25. Qg3 Qxc3 26. Rd1 Rb2 27. Qxg5 Re8
28. Rf3 Rxc2 29. Rg3 Nh5 30. Qxh5 Rc1 31. f6 Rxd1+ 32. Qxd1 Rxe3 33. Rxg7+ Kf8
34. Nc2 Rf3 35. Rg3 Rxg3+ 36. hxg3 Qxg3+ 37. Kh1 Bd3 0-1

[Event "SK Turm Kleve 1 - Krefelder SK Turm 2"]
[Site "NRW-Klasse - Gruppe 3 2021/20"]
[Date "2021.12.19"]
[Round "3.5"]
[White "Schneiderwind, Ralf"]
[Black "Hoenselaar, Dennis"]
[Result "1/2-1/2"]
[WhiteElo "1863"]
[BlackElo "1726"]
[PlyCount "82"]
[EventDate "2021.??.??"]
[SourceVersionDate "2020.03.16"]
[WhiteTeam "Krefelder SK Turm 2"]
[BlackTeam "SK Turm Kleve 1"]

1. e4 c5 2. Nf3 Nc6 3. d4 cxd4 4. Nxd4 e5 5. Nb5 d6 6. c4 Be7 7. Be3 Nf6 8.
N1c3 a6 9. Na3 Ng4 10. Nc2 O-O 11. Bd3 Bg5 12. Nd5 Bxe3 13. Ncxe3 Qa5+ 14. Kf1
Nxe3+ 15. Nxe3 Nd4 16. Nf5 Nxf5 17. exf5 e4 18. Bxe4 Bxf5 19. Bf3 Rfe8 20. g4
Bg6 21. Kg2 Qc5 22. Rc1 Re7 23. Re1 Rae8 24. Rxe7 Rxe7 25. Qd2 Be4 26. b3 Qe5
27. Rc3 Kf8 28. h3 Rd7 29. Re3 Bxf3+ 30. Rxf3 d5 31. Rf5 Qe4+ 32. f3 Qb1 33.
cxd5 Rc7 34. Qb4+ Kg8 35. d6 Rc2+ 36. Kg3 Qg1+ 37. Kf4 Qh2+ 38. Ke4 Qe2+ 39.
Kf4 Qh2+ 40. Ke4 Qe2+ 41. Kf4 Qh2+ 1/2-1/2

[Event "SK Turm Kleve 1 - Krefelder SK Turm 2"]
[Site "NRW-Klasse - Gruppe 3 2021/20"]
[Date "2021.12.19"]
[Round "3.6"]
[White "Verfuerth, Thomas"]
[Black "Arning, Peter"]
[Result "1-0"]
[WhiteElo "2004"]
[BlackElo "1839"]
[PlyCount "55"]
[EventDate "2021.??.??"]
[SourceVersionDate "2020.03.16"]
[WhiteTeam "SK Turm Kleve 1"]
[BlackTeam "Krefelder SK Turm 2"]

1. c4 g6 2. Nc3 Bg7 3. e4 d6 4. g3 c6 5. Bg2 e5 6. Nge2 Nd7 7. d3 a5 8. Be3
Ngf6 9. h3 Nc5 10. O-O O-O 11. f4 Nfd7 12. f5 g5 13. Qd2 h6 14. Rad1 Qe7 15.
Bf3 Re8 16. Kg2 Rb8 17. Rh1 Nf6 18. g4 b6 19. h4 Nh7 20. hxg5 Nxg5 21. Rh5 f6
22. Rdh1 Qf8 23. Ng3 Re7 24. R5h2 Qf7 25. Bxg5 hxg5 26. Rh7 Nd7 27. Nh5 Qe8 28.
Nxg7 1-0

[Event "SK Turm Kleve 1 - Krefelder SK Turm 2"]
[Site "NRW-Klasse - Gruppe 3 2021/20"]
[Date "2021.12.19"]
[Round "3.7"]
[White "Schlickum, Hans"]
[Black "Huysman, Arie Cornelis"]
[Result "0-1"]
[WhiteElo "1815"]
[BlackElo "1966"]
[PlyCount "81"]
[EventDate "2021.??.??"]
[SourceVersionDate "2020.03.16"]
[WhiteTeam "Krefelder SK Turm 2"]
[BlackTeam "SK Turm Kleve 1"]

1. c4 Nf6 2. Nc3 e5 3. g3 d5 4. cxd5 Nxd5 5. Bg2 Nb6 6. d3 Be7 7. a3 O-O 8. Nf3
Nc6 9. b4 Be6 10. Bb2 f6 11. O-O Qd7 12. Re1 a5 13. b5 Nd4 14. Rb1 Rad8 15.
Nxd4 exd4 16. Na4 Ba2 17. Nxb6 cxb6 18. Ra1 Bd5 19. Bxd5+ Qxd5 20. Rb1 Bc5 21.
Bc1 Rfe8 22. Qb3 Qxb3 23. Rxb3 Rd5 24. e4 a4 25. Rb1 Bf8 26. Bd2 Rc5 27. Bb4
Rc2 28. Bxf8 Kxf8 29. Rb4 Rd8 30. Rxa4 Rd2 31. Kf1 Rxd3 32. Ke2 Rb3 33. Rb4
Rxa3 34. Rd1 d3+ 35. Ke3 Rc3 36. Rd2 Ke7 37. Rd4 Rxd4 38. Kxd4 Rc5 39. Rxd3
Rxb5 40. Rc3 Kd7 41. f4 0-1

[Event "SG Porz 3 - Kölner SK Dr. Lasker 2"]
[Site "NRW-Klasse - Gruppe 3 2021/20"]
[Date "2021.12.19"]
[Round "3.1"]
[White "Di Franco, Patrizio"]
[Black "Gallinnis, Norbert"]
[Result "0-1"]
[WhiteElo "2049"]
[BlackElo "2100"]
[Annotator "daniel"]
[PlyCount "92"]
[EventDate "2021.??.??"]
[SourceVersionDate "2020.03.16"]
[WhiteTeam "Kölner SK Dr. Lasker 2"]
[BlackTeam "SG Porz 3"]

1. d4 f5 2. c4 Nf6 3. Nc3 d6 4. g3 g6 5. Bg2 Bg7 6. Nh3 O-O 7. d5 c5 8. Nf4 Na6
9. h4 Qe8 10. O-O Nc7 11. Re1 Ng4 12. e4 Ne5 13. exf5 $11 Bxf5 14. Ne4 h6 15.
Qb3 b5 16. cxb5 Qxb5 17. Qxb5 Nxb5 18. Be3 Rab8 19. a4 Nc7 20. Rab1 Rb4 21. Bd2
Rxa4 22. Ra1 Rxa1 23. Rxa1 Nb5 24. Kf1 Rb8 25. Ra4 Nd7 26. Ra5 Bxb2 27. Bf3 Ne5
28. g4 Nxf3 29. gxf5 gxf5 30. Ra2 fxe4 31. Rxb2 Nxd2+ 32. Rxd2 Nd4 33. Kg2 a5
34. Ra2 Ra8 35. Ra4 Kf7 36. Kg3 Kf6 37. Kg4 Ke5 38. Ng6+ Kxd5 39. Nxe7+ Ke6 40.
Ng6 d5 41. Kh5 Nf5 42. Nf4+ Ke5 43. Ng6+ Kf6 44. Nf4 Ne7 45. Ra1 a4 46. Rb1 Ra6
0-1

[Event "SG Porz 3 - Kölner SK Dr. Lasker 2"]
[Site "NRW-Klasse - Gruppe 3 2021/20"]
[Date "2021.12.19"]
[Round "3.2"]
[White "Wagenknecht, Uwe"]
[Black "Mandt, Mathias"]
[Result "1/2-1/2"]
[WhiteElo "2103"]
[BlackElo "2052"]
[PlyCount "95"]
[EventDate "2021.??.??"]
[SourceVersionDate "2020.03.16"]
[WhiteTeam "SG Porz 3"]
[BlackTeam "Kölner SK Dr. Lasker 2"]

1. b3 d5 2. Bb2 Nf6 3. e3 Bg4 4. Be2 Bxe2 5. Qxe2 c6 6. f4 Nbd7 7. Nf3 e6 8. c4
Bd6 9. Na3 Qe7 10. Nc2 Nc5 11. O-O O-O 12. Ncd4 Rac8 13. Ne5 Nfd7 14. cxd5 cxd5
15. Nb5 Bb8 16. d4 Ne4 17. Ba3 Nd6 18. Bxd6 Bxd6 19. Nxa7 Ra8 20. Nb5 Ba3 21.
Nxd7 Qxd7 22. Nxa3 Rxa3 23. Rac1 Rfa8 24. Rc2 g6 25. Rfc1 Qd6 26. Rc8+ Rxc8 27.
Rxc8+ Kg7 28. Rc2 Qb4 29. Qd2 Qb6 30. h3 Qa6 31. Qe2 Qa5 32. Kf2 Qa7 33. g4 h6
34. h4 Qa5 35. h5 Qd8 36. hxg6 Qh4+ 37. Kg2 Kxg6 38. e4 Qd8 39. f5+ exf5 40.
exf5+ Kh7 41. Kh3 Ra6 42. Qe5 h5 43. Rg2 Qg5 44. gxh5 Qxh5+ 45. Kg3 Rc6 46. Rh2
Rc3+ 47. Kg2 Rc2+ 48. Kg1 1/2-1/2

[Event "SG Porz 3 - Kölner SK Dr. Lasker 2"]
[Site "NRW-Klasse - Gruppe 3 2021/20"]
[Date "2021.12.19"]
[Round "3.3"]
[White "Fox, Daniel"]
[Black "Thalwitzer, David"]
[Result "1-0"]
[WhiteElo "2128"]
[BlackElo "2114"]
[PlyCount "57"]
[EventDate "2021.??.??"]
[SourceVersionDate "2020.03.16"]
[WhiteTeam "Kölner SK Dr. Lasker 2"]
[BlackTeam "SG Porz 3"]

1. e4 c5 2. c3 Nf6 3. e5 Nd5 4. Nf3 e6 5. d4 cxd4 6. cxd4 b6 7. Bc4 Bb7 8. O-O
Be7 9. Qe2 d6 10. Rd1 Nd7 11. Bxd5 Bxd5 12. Nc3 Bxf3 13. Qxf3 O-O 14. Qg3 Bh4
15. Qg4 dxe5 16. dxe5 Nxe5 17. Qh5 Qf6 18. g3 Rad8 19. Rf1 g6 20. Qe2 Nf3+ 21.
Kg2 Nd4 22. Qg4 Nc2 23. Rb1 Rd4 24. Qe2 Qf5 25. Be3 Bf6 26. Rbc1 Nxe3+ 27. fxe3
Qa5 28. exd4 Bxd4 29. a3 1-0

[Event "SG Porz 3 - Kölner SK Dr. Lasker 2"]
[Site "NRW-Klasse - Gruppe 3 2021/20"]
[Date "2021.12.19"]
[Round "3.5"]
[White "Rosenkraenzer, Torsten"]
[Black "Thiemonds, Uli"]
[Result "0-1"]
[WhiteElo "2028"]
[BlackElo "1993"]
[PlyCount "58"]
[EventDate "2021.??.??"]
[SourceVersionDate "2020.03.16"]
[WhiteTeam "Kölner SK Dr. Lasker 2"]
[BlackTeam "SG Porz 3"]

1. d4 e6 2. c4 f5 3. g3 Nf6 4. Bg2 d5 5. Nf3 c6 6. O-O Bd6 7. Nc3 O-O 8. Qc2
Ne4 9. Rb1 Qe7 10. b4 Nd7 11. c5 Bc7 12. a4 e5 13. dxe5 Nxe5 14. Bb2 Nc4 15.
Bc1 Qf6 16. Rb3 Be6 17. Nxe4 dxe4 18. Bg5 Qg6 19. Nd4 Bd5 20. Bf4 Bxf4 21. gxf4
e3 22. Nf3 Bxf3 23. exf3 Nd2 24. fxe3 Nxf1 25. Qc4+ Kh8 26. Qxf1 Rad8 27. Rd3
Qf6 28. Rxd8 Rxd8 29. b5 Qc3 0-1

[Event "SG Porz 3 - Kölner SK Dr. Lasker 2"]
[Site "NRW-Klasse - Gruppe 3 2021/20"]
[Date "2021.12.19"]
[Round "3.6"]
[White "Paulus, Jeffrey"]
[Black "Glaser, Steffen"]
[Result "1/2-1/2"]
[WhiteElo "1931"]
[BlackElo "1927"]
[PlyCount "109"]
[EventDate "2021.??.??"]
[SourceVersionDate "2020.03.16"]
[WhiteTeam "SG Porz 3"]
[BlackTeam "Kölner SK Dr. Lasker 2"]

1. d4 Nf6 2. c4 e5 3. dxe5 Ng4 4. Nf3 Bc5 5. e3 Nc6 6. Be2 Ngxe5 7. Nxe5 Nxe5
8. Bd2 a5 9. Bc3 Qe7 10. O-O O-O 11. Nd2 d6 12. Nf3 Re8 13. Nd4 b6 14. f4 Nc6
15. Bf3 Qxe3+ 16. Kh1 Nxd4 17. Bxa8 Ne2 18. Bd2 Ng3+ 19. hxg3 Qxg3 20. Qh5 Bg4
21. Rf3 Bxf3 22. Bxf3 Re6 23. f5 g6 24. Qg5 Qxg5 25. Bxg5 gxf5 26. Bf4 Bd4 27.
Rb1 Be5 28. g3 Bxf4 29. gxf4 Rg6 30. Rg1 Kf8 31. Rg5 Rxg5 32. fxg5 Kg7 33. Bh5
f6 34. gxf6+ Kxf6 35. Kg2 Ke5 36. Kf3 d5 37. cxd5 Kxd5 38. Kf4 a4 39. Bf3+ Kd4
40. Bc6 a3 41. b4 b5 42. Bxb5 Kc3 43. Bd7 Kxb4 44. Bxf5 h6 45. Ke3 Kc3 46. Ke2
h5 47. Kd1 Kb2 48. Be6 h4 49. Kd2 h3 50. Bxh3 Kxa2 51. Kc2 Ka1 52. Be6 c5 53.
Bd5 c4 54. Bxc4 a2 55. Bxa2 1/2-1/2

[Event "SG Porz 3 - Kölner SK Dr. Lasker 2"]
[Site "NRW-Klasse - Gruppe 3 2021/20"]
[Date "2021.12.19"]
[Round "3.7"]
[White "Loeschcke, Christian"]
[Black "Wegener, Marcus"]
[Result "1-0"]
[WhiteElo "1935"]
[BlackElo "1957"]
[PlyCount "59"]
[EventDate "2021.??.??"]
[SourceVersionDate "2020.03.16"]
[WhiteTeam "Kölner SK Dr. Lasker 2"]
[BlackTeam "SG Porz 3"]

1. e4 c5 2. Nf3 Nc6 3. Nc3 e5 4. Bc4 Be7 5. d3 Nf6 6. O-O O-O 7. Ng5 h6 8. f4
d6 9. Nf3 exf4 10. Bxf4 Be6 11. Nd5 Bxd5 12. Bxd5 Nxd5 13. exd5 Nd4 14. Nd2 Bg5
15. c3 Bxf4 16. Rxf4 Qg5 17. g3 Nb5 18. Qf3 Rae8 19. Ne4 Qd8 20. Rf1 f6 21. Qg4
Kh7 22. Qf5+ Kh8 23. Qg6 Re7 24. Rh4 Re5 25. Nxf6 Rxf6 26. Rxf6 Qxf6 27. Rxh6+
Kg8 28. Qh7+ Kf7 29. Rxf6+ Kxf6 30. Qh4+ 1-0

[Event "SG Porz 3 - Kölner SK Dr. Lasker 2"]
[Site "NRW-Klasse - Gruppe 3 2021/20"]
[Date "2021.12.19"]
[Round "3.8"]
[White "Spindler, Florian"]
[Black "Huellen, Rene"]
[Result "1/2-1/2"]
[WhiteElo "1945"]
[BlackElo "1998"]
[Annotator "daniel"]
[PlyCount "95"]
[EventDate "2021.??.??"]
[SourceVersionDate "2020.03.16"]
[WhiteTeam "SG Porz 3"]
[BlackTeam "Kölner SK Dr. Lasker 2"]

1. d4 Nf6 2. c4 c5 3. e3 cxd4 4. exd4 d5 5. Nc3 e6 6. Nf3 Nc6 7. Be2 dxc4 8.
O-O Be7 9. Bxc4 O-O 10. Re1 Nb4 11. Qb3 a6 12. a3 Nc6 13. Qd1 b5 14. Ba2 b4 15.
d5 bxc3 16. dxc6 Qb6 17. Qc2 Qxc6 18. Qxc3 Qxc3 19. bxc3 Bb7 20. Nd4 Nd5 21.
Bd2 Bc5 22. Rab1 Ra7 23. a4 Rd8 24. Nb3 Be7 25. Na5 Ba8 $11 26. c4 Nf6 27. Be3
Rad7 28. c5 Bd5 29. Bxd5 Nxd5 30. c6 Rc7 31. Red1 Rdc8 32. Bb6 Nxb6 33. Rxb6
Kf8 34. Rb7 Bd8 35. Kf1 Ke8 36. Rxc7 Bxc7 37. Nb7 Bb8 38. Nd6+ Bxd6 39. Rxd6
Rd8 40. c7 Rc8 41. Rxa6 Rxc7 42. Ke2 Rc2+ 43. Ke3 Ra2 44. Ra7 Ra3+ 45. Kf4 Ra2
46. Ke3 Ra3+ 47. Kf4 Ra2 48. Ke3 1/2-1/2

[Event "SK Holsterhausen 1 - Oberhausener SV 1"]
[Site "NRW-Klasse - Gruppe 3 2021/20"]
[Date "2021.12.19"]
[Round "3.1"]
[White "Becker, Marcel"]
[Black "Dergatschova, Anna"]
[Result "1-0"]
[WhiteElo "2321"]
[BlackElo "2133"]
[PlyCount "83"]
[EventDate "2021.??.??"]
[SourceVersionDate "2020.03.16"]
[WhiteTeam "Oberhausener SV 1"]
[BlackTeam "SK Holsterhausen 1"]

1. d4 d5 2. c4 Nc6 3. Nf3 Bg4 4. Nc3 e6 5. cxd5 exd5 6. Bf4 Nf6 7. Ne5 Bd7 8.
e3 Bb4 9. Nxd7 Qxd7 10. Bb5 a6 11. Qa4 O-O 12. Bxc6 Bxc3+ 13. bxc3 bxc6 14. O-O
Ne4 15. Qa5 Nd6 16. Bxd6 Qxd6 17. Rac1 Rfb8 18. c4 Rb7 19. cxd5 cxd5 20. Rc5 c6
21. a4 f5 22. Qc3 Rc8 23. Qd3 Qd7 24. Rfc1 g6 25. Ra5 Ra8 26. Rxa6 Rxa6 27.
Qxa6 Ra7 28. Qxc6 Qxc6 29. Rxc6 Rxa4 30. h4 f4 31. Rc5 Ra1+ 32. Kh2 Ra2 33.
exf4 Rxf2 34. Kg3 Rd2 35. Rxd5 Rd3+ 36. Kf2 Rd2+ 37. Kf3 Kg7 38. Rd7+ Kf6 39.
Rxh7 Rxd4 40. h5 g5 41. Rh6+ Kg7 42. Rg6+ 1-0

[Event "SK Holsterhausen 1 - Oberhausener SV 1"]
[Site "NRW-Klasse - Gruppe 3 2021/20"]
[Date "2021.12.19"]
[Round "3.2"]
[White "Walbaum, Klaus"]
[Black "Montignies, Rainer"]
[Result "1/2-1/2"]
[WhiteElo "2119"]
[BlackElo "2260"]
[PlyCount "58"]
[EventDate "2021.??.??"]
[SourceVersionDate "2020.03.16"]
[WhiteTeam "SK Holsterhausen 1"]
[BlackTeam "Oberhausener SV 1"]

1. Nf3 c5 2. c4 g6 3. g3 Bg7 4. Bg2 Nc6 5. O-O d6 6. Nc3 e6 7. e3 Nge7 8. b3
O-O 9. Bb2 Re8 10. Rc1 b6 11. Qc2 Bb7 12. Rfd1 Qd7 13. Qb1 Ne5 14. Ne1 Bxg2 15.
Kxg2 Qc6+ 16. Kg1 Rad8 17. d4 Nf3+ 18. Nxf3 Qxf3 19. dxc5 dxc5 20. Rxd8 Rxd8
21. Rd1 Rxd1+ 22. Qxd1 Qxd1+ 23. Nxd1 Nc6 24. Bxg7 Kxg7 25. Kf1 f5 26. Nc3 g5
27. f3 Kf6 28. Ke2 Ke7 29. Kf2 Kf6 1/2-1/2

[Event "SK Holsterhausen 1 - Oberhausener SV 1"]
[Site "NRW-Klasse - Gruppe 3 2021/20"]
[Date "2021.12.19"]
[Round "3.3"]
[White "Kummerow, Heiko"]
[Black "Schwalen, Peter"]
[Result "1-0"]
[WhiteElo "2213"]
[BlackElo "2004"]
[PlyCount "41"]
[EventDate "2021.??.??"]
[SourceVersionDate "2020.03.16"]
[WhiteTeam "Oberhausener SV 1"]
[BlackTeam "SK Holsterhausen 1"]

1. e4 c5 2. Nf3 d6 3. d4 cxd4 4. Nxd4 Nf6 5. Nc3 a6 6. Bg5 e6 7. f4 Qc7 8. Bxf6
gxf6 9. Qf3 Nc6 10. O-O-O Bd7 11. Nxc6 Bxc6 12. Bc4 b5 13. Bb3 b4 14. Ne2 Qb7
15. Nd4 Bxe4 16. Ba4+ Kd8 17. Qh5 Rc8 18. Rhe1 Rc5 19. Qxc5 dxc5 20. Nxe6+ Ke7
21. Nxc5 1-0

[Event "SK Holsterhausen 1 - Oberhausener SV 1"]
[Site "NRW-Klasse - Gruppe 3 2021/20"]
[Date "2021.12.19"]
[Round "3.4"]
[White "Kortenbusch, Christoph"]
[Black "Nissen, Claus"]
[Result "1/2-1/2"]
[WhiteElo "2053"]
[BlackElo "2140"]
[PlyCount "45"]
[EventDate "2021.??.??"]
[SourceVersionDate "2020.03.16"]
[WhiteTeam "SK Holsterhausen 1"]
[BlackTeam "Oberhausener SV 1"]

1. e4 e6 2. d4 d5 3. Nc3 Bb4 4. Nge2 dxe4 5. a3 Be7 6. Nxe4 Nf6 7. Qd3 Nxe4 8.
Qxe4 Nd7 9. Bf4 c5 10. O-O-O Qa5 11. Nc3 O-O 12. Nd5 Bd8 13. Ne3 cxd4 14. Nc4
Qh5 15. Be2 Qd5 16. Qxd4 Qxd4 17. Rxd4 Bf6 18. Rdd1 a6 19. Bf3 Ra7 20. Be3 Ra8
21. Nb6 Nxb6 22. Bxb6 e5 23. Ba5 1/2-1/2

[Event "SK Holsterhausen 1 - Oberhausener SV 1"]
[Site "NRW-Klasse - Gruppe 3 2021/20"]
[Date "2021.12.19"]
[Round "3.5"]
[White "Alkhazashvili, Ololi"]
[Black "Bobzin, Pierre"]
[Result "1-0"]
[WhiteElo "2131"]
[BlackElo "2078"]
[PlyCount "83"]
[EventDate "2021.??.??"]
[SourceVersionDate "2020.03.16"]
[WhiteTeam "Oberhausener SV 1"]
[BlackTeam "SK Holsterhausen 1"]

1. e4 c6 2. d4 d5 3. e5 Na6 4. Be2 g6 5. Nf3 Bg4 6. h3 Bxf3 7. Bxf3 Nc7 8. h4
h5 9. Nc3 Nh6 10. Ne2 Nf5 11. c3 Ne6 12. g3 Qb6 13. Bg2 Bh6 14. Bxh6 Nxh6 15.
Qd2 Ng7 16. Nf4 e6 17. Nd3 O-O-O 18. a4 Qc7 19. a5 Ngf5 20. Nc5 Ng4 21. Ra4
Nxe5 22. dxe5 Qxe5+ 23. Qe2 Qd6 24. Nd3 e5 25. O-O f6 26. Bh3 Kb8 27. Rd1 Ng7
28. Qe3 Rhe8 29. Rb4 d4 30. cxd4 exd4 31. Qf4 Qxf4 32. Nxf4 g5 33. hxg5 fxg5
34. Nd3 Kc7 35. Rc1 b6 36. axb6+ axb6 37. Rbc4 Rd6 38. Bg2 Ree6 39. Nb4 c5 40.
Nd5+ Kd7 41. b4 Re5 42. bxc5 1-0

[Event "SK Holsterhausen 1 - Oberhausener SV 1"]
[Site "NRW-Klasse - Gruppe 3 2021/20"]
[Date "2021.12.19"]
[Round "3.6"]
[White "Sicars, Thorsten"]
[Black "Mancic, Ivan"]
[Result "1-0"]
[WhiteElo "1970"]
[BlackElo "2112"]
[PlyCount "127"]
[EventDate "2021.??.??"]
[SourceVersionDate "2020.03.16"]
[WhiteTeam "SK Holsterhausen 1"]
[BlackTeam "Oberhausener SV 1"]

1. c4 e5 2. Nc3 Bb4 3. Qc2 Nf6 4. Nf3 Nc6 5. e3 O-O 6. Nd5 Be7 7. a3 d6 8. Be2
Re8 9. d3 Bf5 10. b4 e4 11. Nxe7+ Qxe7 12. Nd2 Nd4 13. Qc3 Nxe2 14. Kxe2 exd3+
15. Kf1 Ng4 16. Bb2 f6 17. Re1 Ne5 18. e4 Bd7 19. f4 Ng6 20. g3 b5 21. Qxd3
bxc4 22. Qxc4+ Kh8 23. Kf2 a5 24. h4 Nf8 25. h5 h6 26. Nf3 axb4 27. axb4 Be6
28. Qc3 c5 29. bxc5 dxc5 30. Nd2 Ra2 31. Ra1 Rxa1 32. Rxa1 Qf7 33. Qxc5 Rc8 34.
Qa5 Rc2 35. Bc3 Qd7 36. Qb4 Qc8 37. Bd4 Bg8 38. Be3 Qh3 39. Rg1 Nd7 40. Qa4 Ra2
41. Qb5 Qe6 42. Kf3 Bf7 43. g4 Ra3 44. Rc1 Qe8 45. Qb7 Be6 46. Kf2 Nf8 47. f5
Bxf5 48. gxf5 Qxh5 49. Nf3 Ra2+ 50. Bd2 Rxd2+ 51. Nxd2 Qh4+ 52. Ke2 Qh2+ 53.
Ke3 Qd6 54. Rc8 Kh7 55. Qf7 Qb6+ 56. Kf3 Qa6 57. Qc4 Qd6 58. Ke2 h5 59. Kd1 Qa3
60. Qf7 Qa1+ 61. Kc2 Qa4+ 62. Qb3 Qa5 63. Nc4 Qc5 64. Rxc5 1-0

[Event "SK Holsterhausen 1 - Oberhausener SV 1"]
[Site "NRW-Klasse - Gruppe 3 2021/20"]
[Date "2021.12.19"]
[Round "3.7"]
[White "Ciornei, Dragos"]
[Black "Westendorp, Christian"]
[Result "1-0"]
[WhiteElo "2076"]
[BlackElo "1779"]
[PlyCount "75"]
[EventDate "2021.??.??"]
[SourceVersionDate "2020.03.16"]
[WhiteTeam "Oberhausener SV 1"]
[BlackTeam "SK Holsterhausen 1"]

1. e4 c5 2. Nf3 e6 3. d4 cxd4 4. Nxd4 Nc6 5. Nc3 a6 6. g3 Qc7 7. Bg2 Nf6 8. O-O
b5 9. Re1 Nxd4 10. Qxd4 Bc5 11. Qd1 Bb7 12. e5 Bxg2 13. Kxg2 Qc6+ 14. Qf3 Qxf3+
15. Kxf3 Ng8 16. Ne4 Rc8 17. Be3 Be7 18. c3 f5 19. Nd2 g5 20. a4 b4 21. cxb4
g4+ 22. Ke2 Bxb4 23. Rec1 Rxc1 24. Rxc1 Ne7 25. Rc7 a5 26. Ra7 Nc8 27. Ra8 O-O
28. Bh6 Re8 29. Nc4 Nd6 30. Rxe8+ Nxe8 31. Bd2 d5 32. exd6 Nxd6 33. Nxd6 Bxd6
34. Bxa5 h5 35. Bb6 h4 36. a5 h3 37. a6 f4 38. a7 1-0

[Event "SK Holsterhausen 1 - Oberhausener SV 1"]
[Site "NRW-Klasse - Gruppe 3 2021/20"]
[Date "2021.12.19"]
[Round "3.8"]
[White "Payes, Marco"]
[Black "Voge, Andreas"]
[Result "0-1"]
[WhiteElo "1599"]
[BlackElo "2012"]
[PlyCount "86"]
[EventDate "2021.??.??"]
[SourceVersionDate "2020.03.16"]
[WhiteTeam "SK Holsterhausen 1"]
[BlackTeam "Oberhausener SV 1"]

1. d4 d5 2. Bf4 Nf6 3. e3 c6 4. c3 Bf5 5. Qb3 Qb6 6. Nd2 e6 7. h3 Nbd7 8. Ngf3
Be7 9. Be2 O-O 10. g4 Be4 11. Nxe4 Nxe4 12. Qxb6 axb6 13. Ne5 Nxe5 14. Bxe5 b5
15. f3 Bh4+ 16. Kf1 f6 17. Bh2 Nf2 18. Rg1 Nxh3 19. Rg2 Ng5 20. Bd6 Rfd8 21.
Bc7 Rd7 22. Bb6 Nf7 23. Bd3 g6 24. f4 e5 25. Rh2 Bg3 26. Rh3 exf4 27. Kg2 Re7
28. exf4 Bxf4 29. Rf1 Bg5 30. Bc5 Re6 31. Rfh1 Rxa2 32. Ba3 b4 33. cxb4 h6 34.
Bb1 Ra1 35. Bxg6 Re2+ 36. Kf3 Rxh1 37. Rxh1 Re3+ 38. Kf2 Nd6 39. Re1 Rxe1 40.
Kxe1 Be3 41. b3 Bxd4 42. Bc1 Kg7 43. Bd3 Bc3+ 0-1

[Event "Klub Kölner SF 2 - SF Düsseldorf-Süd"]
[Site "NRW-Klasse - Gruppe 3 2021/20"]
[Date "2022.05.08"]
[Round "3.1"]
[White "Kontorovitch, Vladimir"]
[Black "Maric, Boris"]
[Result "0-1"]
[WhiteElo "2120"]
[BlackElo "2081"]
[PlyCount "94"]
[EventDate "2021.??.??"]
[SourceVersionDate "2020.03.16"]
[WhiteTeam "SF Düsseldorf-Süd 1"]
[BlackTeam "Klub Kölner SF 2"]

1. e4 c5 2. Nc3 d6 3. g3 g6 4. Bg2 Bg7 5. Nge2 Nc6 6. O-O Nf6 7. h3 O-O 8. d3
Rb8 9. f4 Nd7 10. a4 a6 11. Nd5 e6 12. Ne3 b5 13. axb5 axb5 14. c3 b4 15. Kh2
bxc3 16. bxc3 Na5 17. Ra3 Bb7 18. Bd2 f5 19. Qa1 Ra8 20. Qa2 c4 21. Nxc4 Nxc4
22. Rxa8 Qxa8 23. Qxc4 Nc5 24. Be3 Ba6 25. Qb4 Rb8 26. exf5 Rxb4 27. Bxa8 Rb2
28. Bxc5 dxc5 29. Rf2 Bxd3 30. Bf3 gxf5 31. g4 Rc2 32. Kg2 Kf7 33. g5 Bxc3 34.
Nxc3 Rxc3 35. Bh5+ Ke7 36. Ra2 Be4+ 37. Kh2 Rc2+ 38. Rxc2 Bxc2 39. Kg3 Ba4 40.
Be2 Bb3 41. Kf2 Kd6 42. Ke3 e5 43. h4 c4 44. h5 c3 45. Bd3 e4 46. Bc2 Bxc2 47.
g6 h6 0-1